000 01009nam a2200241Ia 4500
003 OSt
005 20220930094722.0
006 a|||||r|||| 00| 0
007 ta
008 220926b |||||||| |||| 00| 0 hin d
024 _a1865
037 _cTheses
040 _aCRL
_cCRL
_bhin
041 _2hin
_ahin
100 _aपवन कुमारी
110 _aदिल्ली विश्वविद्यालय. कला संकाय. संस्कृत विभाग
_9556117
245 0 _aतत्व वैशादी एवं योगवार्तिक का तुलनात्मक अध्ययन
246 _aTatva vaishādī evan yogavārtik kā tulanātmak adhyayana
650 _aसंस्कृत साहित्य
700 _aदिल्ली विश्वविद्यालय. कला संकाय. संस्कृत विभाग
_9556118
942 _cDIS
_2CC
999 _c887553
_d887553